000 00212nam a2200085Ia 4500
008 170524s9999 xx 000 0 und d
100 _aChatterjee Bhaskar
245 0 _aOrganizational Behavier
260 _bSterling publication
260 _c2003
999 _c6596
_d6596